The USA Declares War! Quiz Stats

 Plays Quiz Updated Nov 27, 2018

     
Support Sporcle.
Go Orange.
Score 0/11 Timer 03:00
26 Plays Today
Date Country % Correct
April 6, 1917Germany
99.1%
December 11, 1941Germany
99.1%
December 8, 1941Japan
97.6%
June 18, 1812Great Britain
95.3%
December 11, 1941Italy
92.7%
May 13, 1846Mexico
90.3%
April 25, 1898Spain
89.1%
December 7, 1917Austria-Hungary
78.1%
June 5, 1942Hungary
35.6%
June 5, 1942Rumania
31.2%
June 5, 1942Bulgaria
29.1%

From the Vault

Technically Correct Stage Show Titles

by Bolafssonify

No one ever notices all the technical work that goes into theater, but it's just as important as anything else.
Remove Ads.
Support Sporcle.
Get the best of Sporcle when you Go Orange. This ad-free experience offers more features, more stats, and more fun while also helping to support Sporcle. Thank you for becoming a member.

Show Comments

Extras

Top Quizzes Today


Score Distribution

Your Account Isn't Verified!

In order to create a playlist on Sporcle, you need to verify the email address you used during registration. Go to your Sporcle Settings to finish the process.

Report this User

Report this user for behavior that violates our Community Guidelines.

Details: